Good to great (Record no. 112714)

MARC details
000 -LEADER
fixed length control field 00695cam a22001935a 4500
001 - CONTROL NUMBER
control field L153815
008 - FIXED-LENGTH DATA ELEMENTS--GENERAL INFORMATION
fixed length control field 110906s2011 xxk f 001 0 eng d
020 ## - INTERNATIONAL STANDARD BOOK NUMBER
International Standard Book Number 9780712676090
035 ## - SYSTEM CONTROL NUMBER
System control number (Sirsi) u153815
041 0# - LANGUAGE CODE
Language code of text/sound track or separate title eng
100 1# - MAIN ENTRY--PERSONAL NAME
Personal name Collins, Jim
245 00 - TITLE STATEMENT
Title Good to great
Remainder of title why some companies make the leap and others don't
260 ## - PUBLICATION, DISTRIBUTION, ETC.
Place of publication, distribution, etc. London
Name of publisher, distributor, etc. Random House
Date of publication, distribution, etc. 2001
520 ## - SUMMARY, ETC.
Summary, etc. Discusses how a company may advance from being 'good' to being 'great', and what separates these 'great' companies from the 'good' ones. Ideas are accompanied by evidence from the modern business world.
590 ## - LOCAL NOTE (RLIN)
Local note KA
651 #4 - SUBJECT ADDED ENTRY--GEOGRAPHIC NAME
Geographic name ENGLAND AND WALES
690 ## - LOCAL SUBJECT ADDED ENTRY--TOPICAL TERM (OCLC, RLIN)
Topical term or geographic name as entry element Business and management
942 ## - ADDED ENTRY ELEMENTS (KOHA)
Suppress in OPAC 0
Holdings
Withdrawn status Lost status Source of classification or shelving scheme Damaged status Not for loan Home library Current library Shelving location Date acquired Total Checkouts Full call number Barcode Date last seen Copy number Price effective from Koha item type
    Dewey Decimal Classification     London London Staff library 06/09/2011   STAFF COLLINS 30076657 06/08/2019 1 06/08/2019 Book
    Dewey Decimal Classification     London London Staff library 18/06/2012   STAFF COLLINS 30077482 06/08/2019 2 06/08/2019 Book
    Dewey Decimal Classification     London London Staff library 18/06/2012   STAFF COLLINS 30077483 06/08/2019 3 06/08/2019 Book